La historia y el laberinto: hacia una estética del devenir en Octavio Paz/Javier Rico Moreno

Zapisane w:
Opis bibliograficzny
1. autor: Rico Moreno, Javier
Format: Książka
Język:Undetermined
Wydane: México, Distrito Federal Bonilla Artigas Editores 2013
Hasła przedmiotowe:
Etykiety: Dodaj etykietę
Nie ma etykietki, Dołącz pierwszą etykiete!

MARC

LEADER 00000nam a2200000Ia 4500
008 170316s9999 xx 000 0 und d
040 |a cru BVZT 
090 |a C-860 J-5h 
100 |a Rico Moreno, Javier 
245 |a La historia y el laberinto: hacia una estética del devenir en Octavio Paz/Javier Rico Moreno 
260 |a México, Distrito Federal 
260 |b Bonilla Artigas Editores 
260 |c 2013 
300 |a 248 páginas 
650 |a LITERATURA LATIONOAMÉRICANA 
650 |a ANÁLISIS LITERARIO 
650 |a CRÍTICA LITERARIA 
650 |a OCTAVIO PAZ 
650 |a EL LABERINTO DE LA SOLEDAD 
999 |c 13068  |d 13068 
942 |c 15 D  |h C-860 J-5h  |2 z